Countries with the most fighter jets - Statistics

General Stats
  • This quiz has been taken 216 times
  • The average score is 7 of 10
Answers on the Map
Answers color-coded by a green-red scale on the quiz's map according to % correct below.
 
Answer Stats
Place Number of jets Country % Correct
2. 1 200 China
99%
3. 772 Russia
99%
1. 1 957 USA
98%
4. 564 India
85%
10. 266 France
84%
6. 402 South Korea
63%
5. 458 North Korea
59%
7. 357 Pakistan
53%
9. 283 Saudi Arabia
49%
8. 288 Taiwan
24%
No matching quizzes found
Score Distribution
Percent of People with Each Score
Percentile by Number Answered
Your Score History
You have not taken this quiz